Iraq, Vértice de civilizaciones /

Se analizan las raíces del conflicto en Iraq, pueblo milenario de grandes riquezas petroleras que han despertado la ambición de las potencias. Se narra con detalle la historia de su territorio durante el siglo pasado y lo que va del presente, los conflictos internacionales que llevaron a la invasión...

詳細記述

保存先:
書誌詳細
第一著者: Garduño Valero, Guillermo J.R
フォーマット: テキスト
主題:
タグ: タグ追加
タグなし, このレコードへの初めてのタグを付けませんか!

MARC

LEADER 00000 a a2200000 04500
001 3672
003
040
100 |a Garduño Valero, Guillermo J.R.  
245 |a Iraq, Vértice de civilizaciones /  |c Guillermo J.R. Garduño Valero 
520 |a Se analizan las raíces del conflicto en Iraq, pueblo milenario de grandes riquezas petroleras que han despertado la ambición de las potencias. Se narra con detalle la historia de su territorio durante el siglo pasado y lo que va del presente, los conflictos internacionales que llevaron a la invasión del país, el régimen de Sadam Husein, su derrocamiento y las consecuencias posteriores en términos de vacío de poder y la continuidad de la guerra civil, étnica y religiosa.  
590 |a RRA/OCTUBRE2012  
650 |a 1.IRAQ  
650 |a 2.CONFLICTOS SOCIALES  
650 |a 3.GUERRA  
650 |a 4.COLONIALISMO  
773 |g volumen 59, número 4; páginas 275-287  
999 |c 38783  |d 38783